The Life of a Showgirl - Taylor Swift - Statistics

General Stats
  • This quiz has been taken 192 times
  • The average score is 10 of 12
Answer Stats
Track Answer % Correct
12 The Life of a Showgirl
98%
1 The Fate of Ophelia
93%
10 CANCELLED!
91%
9 Wood
91%
5 Eldest Daughter
90%
2 Elizabeth Taylor
90%
4 Father Figure
85%
3 Opalite
82%
8 Wi$h Li$t
80%
11 Honey
74%
7 Actually Romantic
73%
6 Ruin the Friendship
70%
No matching quizzes found
Score Distribution
Percent of People with Each Score
Percentile by Number Answered
Your Score History
You have not taken this quiz